Vitesse Biggest Transfers - Statistics

General Stats
  • This quiz has been taken 19 times
  • The average score is 18 of 53
Answer Stats
% Correct
Outgoings Netherlands CM Marco van Ginkel 13/14 Chelsea
88%
Incomings Ivory Coast ST Wilfried Bony 10/11 Sparta Prague
88%
Outgoings Ivory Coast ST Wilfried Bony 13/14 Swansea City
88%
Outgoings Kosovo RW Milot Rashica 17/18 Werder Bremen
81%
Outgoings Netherlands LB Alexander Buttner 12/13 Manchester United
75%
Incomings Russia RB Vyacheslav Karavaev 17/18 Sparta Prague
56%
Outgoings Russia RB Vyacheslav Karavaev 19/20 Zenit
56%
Outgoings China ST Zhang Yuning 17/18 West Bromwich Albion
56%
Incomings Denmark ST Nikolai Baden Frederiksen 21/22 Juventus
50%
Incomings Ecuador RW Renato Ibarra 11/12 El Nacional
50%
Outgoings Ecuador RW Renato Ibarra 16/17 Club America
50%
Outgoings Netherlands ST Ricky van Wolfswinkel 17/18 Basel
50%
Outgoings Netherlands ST Ricky van Wolfswinkel 09/10 Utrecht
50%
Incomings Belgium ST Bob Peeters 00/01 Roda
44%
Outgoings Zimbabwe DM Marvelous Nakamba 17/18 Club Brugge
44%
Incomings Slovakia CM Matus Bero 18/19 Trabzonspor
44%
Incomings Netherlands DM Melle Meulensteen 22/23 RKC Waalwijk
44%
Outgoings Greece ST Nikolaos Machlas 99/00 Ajax
44%
Outgoings Netherlands ST Roy Makaay 97/98 Tenerife
44%
Outgoings Netherlands CM Davy Propper 15/16 PSV
38%
Outgoings Georgia RW Giorgi Chanturia 13/14 CFR Cluj
38%
Incomings Netherlands ST Pierre van Hooijdonk 99/00 Nottingham Forest
38%
Outgoings Netherlands ST Pierre van Hooijdonk 00/01 Benfica
38%
Outgoings Netherlands CM Theo Janssen 08/09 Twente
38%
Incomings Netherlands ST Bryan Linssen 17/18 Groningen
31%
Incomings Serbia SS Danko Lazovic 06/07 Feyenoord
31%
Outgoings Serbia SS Danko Lazovic 07/08 PSV
31%
Outgoings Netherlands CB Kevin Diks 16/17 Fiorentina
31%
Incomings Mali DM Mahamadou Diarra 99/00 OFI Crete
31%
Outgoings Mali DM Mahamadou Diarra 02/03 Lyon
31%
Incomings Netherlands CB Riechedly Bazoer 19/20 Wolfsburg
31%
Incomings France ST Didier Martel 00/01 Utrecht
25%
Incomings Nigeria RW Hilary Gong 18/19 Trencin
25%
Incomings Netherlands RW Roy Beerens 17/18 Reading
25%
Outgoings Netherlands GK Sander Westerveld 99/00 Liverpool
25%
Outgoings Netherlands GK Edwin Zoetebier 01/02 Feyenoord
19%
Incomings Norway ST Marcus Pedersen 10/11 Stromsgodset
19%
Outgoings Netherlands DM Marko Vejinovic 15/16 Feyenoord
19%
Incomings Serbia RB Aleksandar Rankovic 02/03 Rad
13%
Incomings Denmark LM Anders Due 06/07 Nordsjaelland
13%
Outgoings Brazil DM Claudemir 10/11 Kobenhavn
13%
Outgoings Netherlands AM John van den Brom 93/94 Ajax
13%
Incomings Denmark ST Mads Junker 05/06 Nordsjaelland
13%
Incomings Slovakia CB Marian Zeman 97/98 Istanbulspor
13%
Incomings Serbia RB Nikola Aksentijevic 12/13 Partizan Belgrade
13%
Outgoings Netherlands DM Stijn Schaars 05/06 AZ Alkmaar
13%
Incomings Netherlands RB Tim Cornelisse 00/01 RKC Waalwijk
13%
Outgoings Serbia CB Dejan Stefanovic 03/04 Portsmouth
6%
Outgoings Russia LM Dmitriy Shukov 99/00 Willem II
6%
Outgoings Netherlands RB Ferdi Vierklau 97/98 Tenerife
6%
Outgoings Netherlands CB Remco van der Schaaf 02/03 PSV
6%
Outgoings Netherlands RW Victor Sikora 02/03 Ajax
6%
Outgoings Netherlands LW Willem Korsten 99/00 Tottenham Hotspur
6%
No matching quizzes found
Score Distribution
Percent of People with Each Score
Percentile by Number Answered
Your Score History
You have not taken this quiz